• 首页
  • 本馆介绍
  • 公告通知
  • 最新文献
  • 馆藏检索
  • 电子资源
  • 读者导购
  • 参考咨询
  • 我的图书馆
  • 登录
  • 详细信息显示
  • 放入我的书架
  • 预约/预借图书
  • 作者相关作品
  • 分类相关作品
  • 丛书相关作品
  • 出版社相关作品

书目信息

  • 表格格式
  • 工作单格式
  • 卡片格式
题名:
岁月情怀
    
 
作者: 严宝根 著
分册:  
出版信息: 北京   中国文联出版社  2019
页数: 223页
开本: 25cm
丛书名:
单 册:
中图分类: I227.1 , I267
科图分类:
主题词: 新诗--诗集--中国--当代 , 散文集--中国--当代
电子资源:
ISBN: 978-7-5190-4116-8
000 00656nam0 2200241 450
001 2369228604
005 20231102191357.59
010    @a978-7-5190-4116-8@dCNY69.00
100    @a20190708d2019 em y0chiy0110 ea
101 0  @achi
102    @aCN@b110000
105    @ay z 000zy
200 1  @a岁月情怀@Asui yue qing huai@f严宝根著
210    @a北京@c中国文联出版社@d2019
215    @a223页@d25cm
300    @a严宝根诗歌/散文集
606 0  @a新诗@x诗集@y中国@z当代
606 0  @a散文集@y中国@z当代
690    @aI227.1@v5
690    @aI267@v5
701  0 @a严宝根@Ayan bao gen@f(1959-)@4著
801  0 @aCN@b91MARC@c20201023
905    @aZUCC@dI227.1@e161
    
    岁月情怀/严宝根著.-北京:中国文联出版社,2019
    223页;25cm
    严宝根诗歌/散文集
    
    ISBN 978-7-5190-4116-8:CNY69.00
    
●
相关链接 在五车中查询图书 在当当中查询图书 在豆瓣中查询图书


正题名:岁月情怀     索取号:I227.1/161         预约/预借

序号 登录号 条形码 馆藏地/架位号 状态 备注
1 2001037138   2001037138   悦读、辽宁混合/悦读天下/辽批182/ [索取号:I227.1/161] 在馆    
2 2001037139   2001037139   悦读、辽宁混合/悦读天下/辽批182/ [索取号:I227.1/161] 在馆    
3 2001037140   2001037140   悦读、辽宁混合/悦读天下/辽批182/ [索取号:I227.1/161] 在馆    
4 2001037141   2001037141   悦读、辽宁混合/悦读天下/辽批182/ [索取号:I227.1/161] 在馆    
5 2001037142   2001037142   悦读、辽宁混合/悦读天下/辽批182/ [索取号:I227.1/161] 在馆    
6 2001037143   2001037143   悦读、辽宁混合/悦读天下/辽批182/ [索取号:I227.1/161] 在馆    
山东省滨州职业学院图书馆 欢迎您!
大连网信软件有限公司© 版权所有